|
|
|
|
| LEADER |
02164nam a2200589 i 4500 |
| 001 |
nkc20172885214 |
| 003 |
CZ PrNK |
| 005 |
20210820142654.0 |
| 007 |
ta |
| 008 |
170313s2016 xr ac e f 000 0dcze |
| 015 |
|
|
|a cnb002885214
|
| 020 |
|
|
|a 978-80-905528-3-8
|q (brožováno)
|z 978-80-9055528-3-8 :
|c Kč 190,00
|
| 035 |
|
|
|a (OCoLC)987010022
|
| 040 |
|
|
|a BOA001
|b cze
|e rda
|
| 041 |
0 |
|
|a cze
|a eng
|b eng
|
| 043 |
|
|
|a e-xr---
|b e-xr-st
|2 czenas
|
| 072 |
|
7 |
|a 640.4
|x Hotelnictví. Stravování
|2 Konspekt
|9 19
|
| 080 |
|
|
|a 728.82
|2 MRF
|
| 080 |
|
|
|a 640.41
|2 MRF
|
| 080 |
|
|
|a (437.312)
|2 MRF
|
| 080 |
|
|
|a (036)
|2 MRF
|
| 080 |
|
|
|a (084.11)
|2 MRF
|
| 100 |
1 |
|
|a Stiessová, Helena,
|d 1980-
|7 xx0106299
|4 aut
|
| 245 |
1 |
0 |
|a Poklad rodiny Mcely /
|c texty: Helena Stiessová, Adéla Kudrnová, Inéz Cusumano, James A. Cusumano
|
| 264 |
|
1 |
|a Mcely :
|b Chateau Mcely,
|c [2016]
|
| 300 |
|
|
|a 80 stran :
|b barevné ilustrace, portréty ;
|c 27 cm
|
| 336 |
|
|
|a text
|b txt
|2 rdacontent
|
| 336 |
|
|
|a statický obraz
|b sti
|2 rdacontent
|
| 337 |
|
|
|a bez média
|b n
|2 rdamedia
|
| 338 |
|
|
|a svazek
|b nc
|2 rdacarrier
|
| 500 |
|
|
|a Název z obálky
|
| 546 |
|
|
|a Částečně anglický text, anglické resumé
|
| 610 |
2 |
7 |
|a Mcely (zámek)
|7 ko2007396225
|2 czenas
|
| 610 |
2 |
7 |
|a Chateau Mcely (hotel)
|7 mzk2007378691
|2 czenas
|
| 650 |
0 |
7 |
|a zámky
|7 ph127734
|z Česko
|2 czenas
|
| 650 |
0 |
7 |
|a hotely
|7 ph120833
|z Česko
|2 czenas
|
| 650 |
0 |
9 |
|a chateaux
|z Czechia
|2 eczenas
|
| 650 |
0 |
9 |
|a hotels
|z Czechia
|2 eczenas
|
| 651 |
|
7 |
|a Mcely (Česko)
|7 ge143935
|2 czenas
|
| 651 |
|
9 |
|a Mcely (Czechia)
|2 eczenas
|
| 655 |
|
7 |
|a informační publikace
|7 fd132454
|2 czenas
|
| 655 |
|
7 |
|a obrazové publikace
|7 fd132947
|2 czenas
|
| 655 |
|
9 |
|a information publications
|2 eczenas
|
| 655 |
|
9 |
|a pictorial works
|2 eczenas
|
| 700 |
1 |
|
|a Kudrnová, Adéla,
|d 1981-
|7 xx0213064
|4 aut
|
| 700 |
1 |
|
|a Cusumano, Inéz,
|d 1968-
|7 mzk2007377407
|4 aut
|
| 700 |
1 |
|
|a Cusumano, James A.,
|d 1942-
|7 hka2011634811
|4 aut
|
| 910 |
2 |
|
|a BOA001
|b 3-1386.309
|
| 990 |
|
|
|a BK
|
| 995 |
|
|
|a 01
|
| 991 |
|
|
|b 201703
|c NOV
|
| 996 |
6 |
|
|b 2610701003
|c 3-1386.309
|l MZK
|r Sklad / do 1 hodiny
|n 0
|p p.v.
|w 001603603
|u 000010
|a 1
|e BOA001
|j MZK50
|s P
|